000 00669nam a22002417a 4500
005 20250729140959.0
008 190611b2007 xxu||||| |||| 00| 0 spa d
020 _a9789968460262
041 _aESP
082 _a332.673 P334i
100 _aPaus, Eva
_954340
245 _aInversión extranjera: desarrollo y globalización ¿Puede Costa Rica emular a Irlanda?
260 _aCosta Rica
260 _bEUCR
260 _c2007
300 _a324 páginas
490 _aDirección y Administración de Empresas
650 _aCOSTA RICA
650 _aINVERSIONES EXTRANJERAS
650 _aGLOBALIZACIÓN
650 _aDESARROLLO ECONÓMICO
942 _cBK
_2ddc
999 _c12058
_d12058